Statistiques concernant Top 10 des cyclistes en 2022

Cliquez ici pour prendre le quiz!

Statistiques générales

  • Ce quiz a été pris 121 fois
  • Le résultat moyen est 7 sur 10

Statistiques - réponses

ClassementCoureurséquipeNationalitéPoints UCI% Correct
1Tadej PogacarUAE Emirates TeamSlovène5131
100%
4Jonas VingegaardJumbo-VismaDanoise3154
97%
2Wout Van AertJumbo-VismaBelge4525
94%
9Mathieu Van der PoelAlpecin-DeceunickHollandaise2003.67
81%
3Remco EvenepoelQuick-Step Alpha VinylBelge4402.5
76%
7Stefan KungGroupama-FDJSuisse2180
70%
5Aleksandr VlasovBora-HansgroheRusse2484
61%
10Alejandro ValverdeMovistar TeamEspagnole1996
56%
6Arnaud de LieLotto-SoudalBelge2268
48%
8Alexander KristoffIntermarché - Wanty GobertNorvégienne2099
40%

Distribution des résultats

Percentile par nombre de réponses

% des personnes avec chaque résultat

Votre développement - résultats

Vous n’avez pas pris ce quiz